000 00625nam a2200229Ia 4500
005 20260320201852.0
008 008 262003s9999 xx 000 0 eng d
037 _aEBOOK
040 _aCRL
040 _beng
040 _cCRL
041 _2eng
041 _aeng
084 _qCRL
100 _aBoero
_91136166
245 0 _aHashiCorp Packer in Production: Efficiently manage sets of images for your digital transformation or cloud adoption journey
260 _bIEEE
856 _uhttps://ieeexplore.ieee.org/servlet/opac?bknumber=10251197
942 _cEBOOK
999 _c1723994
_d1723994